[Event "DEM U16w 2019"]
[Site "Willingen GER"]
[Date "2019.06.15"]
[Round "9"]
[White "Fock, Amina"]
[Black "Brunner, Sophia"]
[Result "0-1"]
[Termination "normal"]
[Board "1"]
[WhiteElo "1723"]
[BlackElo "1839"]
[WhiteClock "00:14:42"]
[BlackClock "00:11:56"]
[PlyCount "100"]
[WhiteFideId "12981982"]
[BlackFideId "12960683"]
[EventCountry "GER"]
[EventRounds "9"]
[EventType "swiss"]
[EventDate "2019.06.08"]

1. e4 {[%clk 1:30:58]} 1... d5 {[%clk 1:30:56]} 2. exd5 {[%clk 1:31:21]} 2...
Qxd5 {[%clk 1:31:20]} 3. Nc3 {[%clk 1:31:30]} 3... Qd8 {[%clk 1:31:45]} 4. d4 {
[%clk 1:31:07]} 4... Nf6 {[%clk 1:32:10]} 5. Nf3 {[%clk 1:30:40]} 5... Bg4 {
[%clk 1:32:29]} 6. Be2 {[%clk 1:30:23]} 6... e6 {[%clk 1:32:43]} 7. h3 { [%clk
1:29:29]} 7... Bh5 {[%clk 1:30:06]} 8. g4 {[%clk 1:25:36]} 8... Bg6 { [%clk
1:30:07]} 9. Ne5 {[%clk 1:25:20]} 9... Be4 {[%clk 1:22:26]} 10. Nxe4 { [%clk
1:17:00]} 10... Nxe4 {[%clk 1:22:50]} 11. Bf3 {[%clk 1:16:45]} 11... Nd6 {[%clk
1:20:54]} 12. Qe2 {[%clk 1:16:19]} 12... c6 {[%clk 1:20:18]} 13. c3 { [%clk
1:10:50]} 13... Nd7 {[%clk 1:12:22]} 14. Nxd7 {[%clk 1:02:26]} 14... Qxd7
{[%clk 1:12:45]} 15. d5 {[%clk 1:02:20]} 15... cxd5 {[%clk 1:12:30]} 16. Bxd5 {
[%clk 1:02:12]} 16... Be7 {[%clk 1:11:15]} 17. Bg2 {[%clk 1:02:10]} 17... Rd8 {
[%clk 1:00:14]} 18. Be3 {[%clk 0:58:12]} 18... b6 {[%clk 0:57:59]} 19. a4 {
[%clk 0:52:20]} 19... Qc7 {[%clk 0:54:25]} 20. Bd4 {[%clk 0:46:27]} 20... Bf6 {
[%clk 0:47:59]} 21. Bxf6 {[%clk 0:41:02]} 21... gxf6 {[%clk 0:48:22]} 22. Qf3 {
[%clk 0:40:30]} 22... Ke7 {[%clk 0:39:10]} 23. Qf4 {[%clk 0:34:37]} 23... Qc4 {
[%clk 0:37:48]} 24. Qxc4 {[%clk 0:27:40]} 24... Nxc4 {[%clk 0:38:13]} 25. b4 {
[%clk 0:26:18]} 25... Rd3 {[%clk 0:23:02]} 26. Rc1 {[%clk 0:25:41]} 26... Nb2 {
[%clk 0:17:26]} 27. Bf1 {[%clk 0:23:31]} 27... Rd6 {[%clk 0:16:47]} 28. c4 {
[%clk 0:14:41]} 28... Rhd8 {[%clk 0:13:27]} 29. Be2 {[%clk 0:14:28]} 29... Nxa4
{[%clk 0:06:53]} 30. Ra1 {[%clk 0:14:02]} 30... Nc3 {[%clk 0:07:07]} 31. Rxa7+
{[%clk 0:13:13]} 31... Kf8 {[%clk 0:07:32]} 32. Ra1 {[%clk 0:13:16]} 32... Rd2
{[%clk 0:04:59]} 33. Bf3 {[%clk 0:08:45]} 33... e5 {[%clk 0:05:16]} 34. Bd5 {
[%clk 0:05:39]} 34... Rd4 {[%clk 0:04:32]} 35. O-O {[%clk 0:04:03]} 35... Nxd5
{[%clk 0:04:40]} 36. cxd5 {[%clk 0:04:27]} 36... R8xd5 {[%clk 0:04:37]} 37.
Rfb1 {[%clk 0:02:52]} 37... Rc4 {[%clk 0:03:03]} 38. Ra2 {[%clk 0:01:35]} 38...
Rb5 {[%clk 0:02:06]} 39. Rab2 {[%clk 0:01:23]} 39... Ke7 {[%clk 0:02:08]} 40.
Kg2 {[%clk 0:00:59]} 40... Ke6 {[%clk 0:01:35]} 41. Kg3 {[%clk 0:27:06]} 41...
f5 {[%clk 0:29:09]} 42. f3 {[%clk 0:20:51]} 42... f4+ {[%clk 0:24:19]} 43. Kf2
{[%clk 0:20:05]} 43... f5 {[%clk 0:24:23]} 44. gxf5+ {[%clk 0:19:39]} 44...
Kxf5 {[%clk 0:24:47]} 45. Kg2 {[%clk 0:18:42]} 45... e4 {[%clk 0:24:00]} 46.
fxe4+ {[%clk 0:18:58]} 46... Kxe4 {[%clk 0:20:38]} 47. Kf2 {[%clk 0:18:08]}
47... Rc3 {[%clk 0:16:55]} 48. Rh1 {[%clk 0:16:21]} 48... Kd4 {[%clk 0:14:04]}
49. Kg2 {[%clk 0:14:40]} 49... Rg3+ {[%clk 0:12:53]} 50. Kf2 {[%clk 0:14:42]}
50... Kc4 {[%clk 0:11:56]} 0-1

[Event "DEM U16w 2019"]
[Site "Willingen GER"]
[Date "2019.06.15"]
[Round "9"]
[White "Khamenya, Vitalia"]
[Black "Bardorz, Jana"]
[Result "0-1"]
[Termination "normal"]
[Board "2"]
[WhiteElo "1877"]
[BlackElo "1769"]
[WhiteClock "00:02:00"]
[BlackClock "00:01:05"]
[PlyCount "106"]
[WhiteFideId "12959260"]
[BlackFideId "16208897"]
[EventCountry "GER"]
[EventRounds "9"]
[EventType "swiss"]
[EventDate "2019.06.08"]

1. d4 {[%clk 1:30:57]} 1... Nf6 {[%clk 1:30:55]} 2. Nf3 {[%clk 1:31:21]} 2...
g6 {[%clk 1:31:14]} 3. c4 {[%clk 1:31:46]} 3... Bg7 {[%clk 1:31:34]} 4. Nc3 {
[%clk 1:32:11]} 4... O-O {[%clk 1:31:49]} 5. e4 {[%clk 1:32:36]} 5... d6 {
[%clk 1:32:13]} 6. Be2 {[%clk 1:32:57]} 6... e5 {[%clk 1:31:33]} 7. O-O { [%clk
1:33:21]} 7... Nc6 {[%clk 1:31:35]} 8. d5 {[%clk 1:33:44]} 8... Ne7 { [%clk
1:31:47]} 9. Ne1 {[%clk 1:33:59]} 9... Nd7 {[%clk 1:28:58]} 10. Be3 { [%clk
1:34:21]} 10... f5 {[%clk 1:28:10]} 11. f3 {[%clk 1:34:46]} 11... f4 { [%clk
1:26:39]} 12. Bf2 {[%clk 1:35:13]} 12... g5 {[%clk 1:22:23]} 13. a4 { [%clk
1:35:38]} 13... h5 {[%clk 1:14:01]} 14. a5 {[%clk 1:35:28]} 14... a6 { [%clk
1:09:14]} 15. b4 {[%clk 1:33:13]} 15... Nf6 {[%clk 1:07:06]} 16. c5 { [%clk
1:32:18]} 16... g4 {[%clk 1:01:52]} 17. cxd6 {[%clk 1:24:55]} 17... cxd6 {[%clk
1:00:07]} 18. Na4 {[%clk 1:22:45]} 18... gxf3 {[%clk 0:53:25]} 19. Bxf3 {[%clk
1:22:35]} 19... Bg4 {[%clk 0:49:43]} 20. Bb6 {[%clk 1:04:12]} 20... Qe8 {[%clk
0:46:34]} 21. Bc7 {[%clk 0:45:43]} 21... Nxe4 {[%clk 0:41:05]} 22. Bxg4 {[%clk
0:45:55]} 22... hxg4 {[%clk 0:40:13]} 23. Qxg4 {[%clk 0:45:31]} 23... Nxd5
{[%clk 0:38:26]} 24. Bb6 {[%clk 0:37:09]} 24... Nxb4 {[%clk 0:32:34]} 25. Qe2
{[%clk 0:34:54]} 25... Qc6 {[%clk 0:27:14]} 26. Nd3 {[%clk 0:32:23]} 26... Nc3
{[%clk 0:22:40]} 27. Nxc3 {[%clk 0:31:02]} 27... Qxc3 {[%clk 0:23:03]} 28. Nxb4
{[%clk 0:31:21]} 28... Qxb4 {[%clk 0:23:22]} 29. Qa2+ {[%clk 0:31:42]} 29...
Rf7 {[%clk 0:19:50]} 30. Rac1 {[%clk 0:28:22]} 30... Kf8 {[%clk 0:16:02]} 31.
Rc4 {[%clk 0:27:43]} 31... Qb5 {[%clk 0:15:56]} 32. Rfc1 {[%clk 0:26:34]} 32...
Qe8 {[%clk 0:14:11]} 33. Qa3 {[%clk 0:22:12]} 33... Qe6 {[%clk 0:10:44]} 34.
Bc7 {[%clk 0:21:02]} 34... Rd7 {[%clk 0:09:23]} 35. Qb4 {[%clk 0:20:49]} 35...
Qd5 {[%clk 0:04:04]} 36. Qa4 {[%clk 0:17:35]} 36... Ke7 {[%clk 0:03:00]} 37.
Rd1 {[%clk 0:11:34]} 37... Qe6 {[%clk 0:01:26]} 38. Qb4 {[%clk 0:09:46]} 38...
Bf8 {[%clk 0:01:01]} 39. Rcc1 {[%clk 0:05:55]} 39... Kf6 {[%clk 0:00:56]} 40.
Qxb7 {[%clk 0:05:08]} 40... Qe8 {[%clk 0:00:53]} 41. Rc6 {[%clk 0:17:58]} 41...
Kg7 {[%clk 0:21:31]} 42. Rdc1 {[%clk 0:14:19]} 42... Kg8 {[%clk 0:14:08]} 43.
Rxa6 {[%clk 0:11:51]} 43... Rxa6 {[%clk 0:14:31]} 44. Qxa6 {[%clk 0:12:18]}
44... e4 {[%clk 0:12:52]} 45. Qb6 {[%clk 0:04:58]} 45... e3 {[%clk 0:10:00]}
46. a6 {[%clk 0:05:27]} 46... Rg7 {[%clk 0:06:43]} 47. Qc6 {[%clk 0:03:07]}
47... Qxc6 {[%clk 0:03:12]} 48. Rxc6 {[%clk 0:03:36]} 48... e2 {[%clk 0:02:57]}
49. Kf2 {[%clk 0:03:10]} 49... Rxg2+ {[%clk 0:02:58]} 50. Ke1 {[%clk 0:02:17]}
50... f3 {[%clk 0:02:03]} 51. Ba5 {[%clk 0:01:02]} 51... Rg1+ {[%clk 0:01:11]}
52. Kf2 {[%clk 0:01:31]} 52... Rf1+ {[%clk 0:01:14]} 53. Kg3 {[%clk 0:02:00]}
53... f2 {[%clk 0:01:05]} 0-1

[Event "DEM U16w 2019"]
[Site "Willingen GER"]
[Date "2019.06.15"]
[Round "9"]
[White "Basovskiy, Jana"]
[Black "Müdder, Melanie"]
[Result "0-1"]
[Termination "normal"]
[Board "3"]
[WhiteElo "1761"]
[BlackElo "1912"]
[WhiteClock "00:01:44"]
[BlackClock "00:00:58"]
[PlyCount "60"]
[WhiteFideId "16208617"]
[BlackFideId "12994103"]
[EventCountry "GER"]
[EventRounds "9"]
[EventType "swiss"]
[EventDate "2019.06.08"]

1. e4 {[%clk 1:30:58]} 1... c5 {[%clk 1:30:55]} 2. Nf3 {[%clk 1:31:25]} 2...
Nc6 {[%clk 1:31:19]} 3. d3 {[%clk 1:31:51]} 3... d6 {[%clk 1:31:14]} 4. g3 {
[%clk 1:31:50]} 4... g6 {[%clk 1:31:11]} 5. Bg2 {[%clk 1:32:12]} 5... Bg7 {
[%clk 1:31:23]} 6. O-O {[%clk 1:31:26]} 6... e5 {[%clk 1:29:10]} 7. Nc3 { [%clk
1:23:58]} 7... Be6 {[%clk 1:27:11]} 8. Nd2 {[%clk 1:18:32]} 8... Nge7 { [%clk
1:24:24]} 9. Nc4 {[%clk 1:10:36]} 9... d5 {[%clk 1:18:35]} 10. exd5 10... Nxd5
{[%clk 1:18:17]} 11. Ne4 {[%clk 1:09:44]} 11... Bf8 {[%clk 1:06:46]} 12. Re1
{[%clk 0:57:42]} 12... Be7 {[%clk 0:55:44]} 13. Bh6 {[%clk 0:56:44]} 13... f5
{[%clk 0:48:09]} 14. Ned2 {[%clk 0:54:40]} 14... Bf6 {[%clk 0:44:43]} 15. f4
{[%clk 0:52:18]} 15... Qd7 {[%clk 0:32:13]} 16. fxe5 {[%clk 0:51:39]} 16... Be7
{[%clk 0:29:08]} 17. Nf3 {[%clk 0:28:15]} 17... O-O-O 18. Qd2 {[%clk 0:15:18]}
18... f4 {[%clk 0:16:45]} 19. Bxf4 {[%clk 0:15:18]} 19... Nxf4 {[%clk 0:16:08]}
20. Qxf4 {[%clk 0:14:00]} 20... Rhf8 {[%clk 0:13:23]} 21. Qe4 {[%clk 0:08:54]}
21... Bf5 {[%clk 0:12:49]} 22. Qe2 {[%clk 0:06:23]} 22... Bg4 23. Rf1 Nd4 24.
Qd1 {[%clk 0:07:07]} 24... Nxf3+ {[%clk 0:02:59]} 25. Bxf3 {[%clk 0:07:17]}
25... Rxf3 {[%clk 0:02:17]} 26. Rxf3 {[%clk 0:07:29]} 26... Qd5 {[%clk 0:01:18]
} 27. Nd2 {[%clk 0:05:03]} 27... Qd4+ 28. Kg2 28... Qxe5 {[%clk 0:00:43]} 29.
Rb1 {[%clk 0:02:26]} 29... Qh5 {[%clk 0:00:41]} 30. Qf1 {[%clk 0:01:44]} 30...
Bh3+ {[%clk 0:00:58]} 0-1

[Event "DEM U16w 2019"]
[Site "Willingen GER"]
[Date "2019.06.15"]
[Round "9"]
[White "Glinzner, Alva"]
[Black "Berelowitsch, Dana"]
[Result "1-0"]
[Termination "normal"]
[Board "5"]
[WhiteElo "1810"]
[BlackElo "1753"]
[WhiteClock "00:27:09"]
[BlackClock "00:32:36"]
[PlyCount "101"]
[WhiteFideId "16206169"]
[BlackFideId "12977144"]
[EventCountry "GER"]
[EventRounds "9"]
[EventType "swiss"]
[EventDate "2019.06.08"]

1. e4 {[%clk 1:30:59]} 1... e6 {[%clk 1:30:55]} 2. d3 {[%clk 1:31:14]} 2... d5
{[%clk 1:31:09]} 3. Nd2 {[%clk 1:31:36]} 3... c5 {[%clk 1:25:10]} 4. g3 { [%clk
1:30:50]} 4... Nc6 {[%clk 1:25:03]} 5. Bg2 {[%clk 1:29:48]} 5... Nf6 { [%clk
1:21:47]} 6. Ngf3 {[%clk 1:29:45]} 6... Be7 {[%clk 1:21:39]} 7. O-O { [%clk
1:29:50]} 7... O-O {[%clk 1:21:35]} 8. Re1 {[%clk 1:29:33]} 8... Qc7 { [%clk
1:17:26]} 9. Qe2 {[%clk 1:25:44]} 9... d4 {[%clk 1:14:15]} 10. e5 { [%clk
1:23:18]} 10... Nd5 {[%clk 1:13:11]} 11. h4 {[%clk 1:21:09]} 11... Rd8 { [%clk
1:01:28]} 12. Nf1 {[%clk 1:14:16]} 12... f6 {[%clk 1:00:19]} 13. N1h2 { [%clk
1:10:46]} 13... fxe5 {[%clk 0:57:54]} 14. Ng4 {[%clk 1:06:33]} 14... Nf6 {[%clk
0:50:08]} 15. Ngxe5 {[%clk 1:05:54]} 15... Nxe5 {[%clk 0:49:47]} 16. Nxe5
{[%clk 1:06:00]} 16... Bd6 {[%clk 0:43:41]} 17. Nc4 {[%clk 1:04:37]} 17... Re8
{[%clk 0:37:11]} 18. Nxd6 {[%clk 0:56:07]} 18... Qxd6 {[%clk 0:37:19]} 19. Bf4
{[%clk 0:56:02]} 19... Qb6 {[%clk 0:37:04]} 20. c3 {[%clk 0:55:43]} 20... Bd7
{[%clk 0:36:32]} 21. Be5 {[%clk 0:54:48]} 21... Rf8 {[%clk 0:34:40]} 22. Rac1
{[%clk 0:53:07]} 22... Rac8 {[%clk 0:34:25]} 23. b3 {[%clk 0:48:31]} 23... Bc6
{[%clk 0:30:14]} 24. cxd4 {[%clk 0:46:23]} 24... cxd4 {[%clk 0:29:50]} 25. Bh3
{[%clk 0:39:23]} 25... Bd5 {[%clk 0:21:42]} 26. Bxd4 {[%clk 0:36:39]} 26... Qa6
{[%clk 0:15:25]} 27. Rxc8 {[%clk 0:35:06]} 27... Rxc8 {[%clk 0:15:28]} 28.
Bxe6+ {[%clk 0:26:14]} 28... Bxe6 {[%clk 0:15:05]} 29. Qxe6+ {[%clk 0:26:39]}
29... Qxe6 {[%clk 0:15:15]} 30. Rxe6 {[%clk 0:27:07]} 30... Rd8 {[%clk 0:11:54]
} 31. Bxa7 {[%clk 0:25:29]} 31... Rxd3 {[%clk 0:11:52]} 32. Re7 {[%clk 0:23:38]
} 32... b5 {[%clk 0:11:23]} 33. Re5 {[%clk 0:18:12]} 33... Rd2 {[%clk 0:11:15]}
34. Rxb5 {[%clk 0:17:32]} 34... Rxa2 {[%clk 0:11:30]} 35. Rb7 {[%clk 0:17:33]}
35... Rb2 {[%clk 0:08:30]} 36. Bd4 {[%clk 0:13:57]} 36... Rb1+ {[%clk 0:08:32]}
37. Kg2 {[%clk 0:14:18]} 37... h6 {[%clk 0:07:17]} 38. b4 {[%clk 0:13:53]}
38... Rb3 {[%clk 0:06:24]} 39. b5 {[%clk 0:12:47]} 39... Rb4 {[%clk 0:06:05]}
40. Be3 {[%clk 0:11:03]} 40... Nd5 {[%clk 0:06:04]} 41. b6 {[%clk 0:09:58]}
41... Nxe3+ {[%clk 0:04:02]} 42. fxe3 {[%clk 0:10:23]} 42... g5 {[%clk 0:03:08]
} 43. hxg5 {[%clk 0:08:52]} 43... hxg5 {[%clk 0:03:37]} 44. Kf2 {[%clk 0:30:30]
} 44... g4 {[%clk 0:32:28]} 45. Ke2 {[%clk 0:30:18]} 45... Rb3 {[%clk 0:32:45]}
46. Kd2 {[%clk 0:30:32]} 46... Kf8 {[%clk 0:33:02]} 47. Kc2 {[%clk 0:30:26]}
47... Rb5 {[%clk 0:32:10]} 48. Kc3 {[%clk 0:30:37]} 48... Ke8 {[%clk 0:32:29]}
49. Kc4 {[%clk 0:30:22]} 49... Rb2 {[%clk 0:32:27]} 50. Kc5 {[%clk 0:29:05]}
50... Kd8 {[%clk 0:32:36]} 51. Rg7 {[%clk 0:27:09]} 1-0

[Event "DEM U16w 2019"]
[Site "Willingen GER"]
[Date "2019.06.15"]
[Round "9"]
[White "Bui, Ngoc Han Julia"]
[Black "Sokolowski, Judith"]
[Result "1/2-1/2"]
[Termination "normal"]
[Board "6"]
[WhiteElo "1973"]
[BlackElo "1749"]
[WhiteClock "00:01:44"]
[BlackClock "00:02:19"]
[PlyCount "75"]
[WhiteFideId "12977055"]
[BlackFideId "16200624"]
[EventCountry "GER"]
[EventRounds "9"]
[EventType "swiss"]
[EventDate "2019.06.08"]

1. e4 {[%clk 1:30:58]} 1... d5 {[%clk 1:30:58]} 2. exd5 {[%clk 1:31:22]} 2...
Qxd5 {[%clk 1:31:25]} 3. Nc3 {[%clk 1:31:43]} 3... Qd8 {[%clk 1:31:49]} 4. d4 {
[%clk 1:32:05]} 4... Nf6 {[%clk 1:32:12]} 5. Bc4 {[%clk 1:31:22]} 5... a6 {
[%clk 1:32:23]} 6. Nf3 {[%clk 1:30:33]} 6... b5 {[%clk 1:32:04]} 7. Bb3 { [%clk
1:30:50]} 7... c5 {[%clk 1:31:41]} 8. dxc5 {[%clk 1:27:44]} 8... Qxd1+ { [%clk
1:32:03]} 9. Nxd1 {[%clk 1:27:41]} 9... e6 {[%clk 1:31:52]} 10. a4 { [%clk
1:24:28]} 10... b4 {[%clk 1:30:38]} 11. O-O {[%clk 1:18:18]} 11... Bb7 { [%clk
1:27:04]} 12. Ne5 {[%clk 1:15:24]} 12... Bxc5 {[%clk 1:24:05]} 13. Be3 { [%clk
1:07:56]} 13... Nbd7 {[%clk 1:21:15]} 14. Nc4 {[%clk 0:58:04]} 14... O-O {[%clk
1:09:08]} 15. Na5 {[%clk 0:40:22]} 15... Bd5 {[%clk 0:57:26]} 16. Re1 { [%clk
0:32:33]} 16... Rac8 {[%clk 0:51:29]} 17. Bxd5 {[%clk 0:29:49]} 17... Nxd5
{[%clk 0:50:45]} 18. Nc4 {[%clk 0:27:47]} 18... Be7 {[%clk 0:41:00]} 19. b3
{[%clk 0:26:33]} 19... Bf6 {[%clk 0:35:36]} 20. Rc1 {[%clk 0:24:50]} 20... Rc7
{[%clk 0:33:30]} 21. Bd2 {[%clk 0:18:08]} 21... Nc5 {[%clk 0:27:01]} 22. Nde3
{[%clk 0:17:53]} 22... Nxe3 {[%clk 0:18:22]} 23. Nxe3 {[%clk 0:16:56]} 23... a5
{[%clk 0:16:12]} 24. Nc4 {[%clk 0:16:25]} 24... Ra8 {[%clk 0:14:14]} 25. Bf4
{[%clk 0:16:51]} 25... Rc6 {[%clk 0:12:56]} 26. Nd6 {[%clk 0:12:15]} 26... e5
{[%clk 0:09:31]} 27. Bxe5 {[%clk 0:12:40]} 27... Bxe5 {[%clk 0:09:44]} 28. Rxe5
{[%clk 0:12:59]} 28... Nxb3 {[%clk 0:08:52]} 29. Rce1 {[%clk 0:13:01]} 29... g6
{[%clk 0:07:25]} 30. cxb3 {[%clk 0:08:54]} 30... Rxd6 {[%clk 0:07:50]} 31. g3
{[%clk 0:07:38]} 31... Rd3 {[%clk 0:07:15]} 32. R1e3 {[%clk 0:07:47]} 32...
Rd1+ {[%clk 0:06:27]} 33. Kg2 {[%clk 0:07:55]} 33... Rb1 {[%clk 0:05:51]} 34.
h4 {[%clk 0:05:08]} 34... h5 {[%clk 0:04:15]} 35. Rc5 {[%clk 0:04:42]} 35...
Kg7 {[%clk 0:02:31]} 36. Rc7 {[%clk 0:05:00]} 36... Ra6 {[%clk 0:02:26]} 37.
Rc5 {[%clk 0:01:51]} 37... Rb2 {[%clk 0:02:19]} 38. Rf3 {[%clk 0:01:44]}
1/2-1/2

[Event "DEM U16w 2019"]
[Site "Willingen GER"]
[Date "2019.06.15"]
[Round "9"]
[White "Peschel, Julia"]
[Black "Schneider, Katharina"]
[Result "1-0"]
[Termination "normal"]
[Board "11"]
[WhiteElo "1275"]
[BlackElo "1784"]
[WhiteClock "00:17:00"]
[BlackClock "00:09:47"]
[PlyCount "69"]
[WhiteFideId "16255593"]
[BlackFideId "16200519"]
[EventCountry "GER"]
[EventRounds "9"]
[EventType "swiss"]
[EventDate "2019.06.08"]

1. e4 {[%clk 1:30:59]} 1... e5 {[%clk 1:30:56]} 2. Nf3 {[%clk 1:31:23]} 2...
Nc6 {[%clk 1:31:22]} 3. Bc4 {[%clk 1:31:45]} 3... Bc5 {[%clk 1:31:45]} 4. c3 {
[%clk 1:31:57]} 4... Nf6 {[%clk 1:32:04]} 5. d3 {[%clk 1:32:07]} 5... a6 {
[%clk 1:32:26]} 6. O-O {[%clk 1:31:25]} 6... Ba7 {[%clk 1:31:25]} 7. Bb3 {
[%clk 1:31:06]} 7... d6 {[%clk 1:31:01]} 8. Nbd2 {[%clk 1:29:48]} 8... O-O {
[%clk 1:28:41]} 9. h3 {[%clk 1:29:01]} 9... h6 {[%clk 1:29:02]} 10. Re1 { [%clk
1:28:45]} 10... Ne7 {[%clk 1:28:46]} 11. Nf1 {[%clk 1:26:42]} 11... Ng6 { [%clk
1:28:35]} 12. Ng3 {[%clk 1:19:38]} 12... Be6 {[%clk 1:27:55]} 13. Bc2 { [%clk
1:19:44]} 13... Qd7 {[%clk 1:24:51]} 14. d4 {[%clk 0:59:31]} 14... Rfd8 { [%clk
1:14:43]} 15. Be3 {[%clk 0:50:04]} 15... c6 {[%clk 1:12:14]} 16. Qd2 { [%clk
0:46:38]} 16... Qc7 {[%clk 1:10:06]} 17. a3 {[%clk 0:45:22]} 17... d5 { [%clk
1:07:25]} 18. exd5 {[%clk 0:43:55]} 18... Nxd5 {[%clk 0:52:52]} 19. Bxg6 {[%clk
0:39:35]} 19... Nxe3 {[%clk 0:51:08]} 20. Bxf7+ {[%clk 0:37:34]} 20... Bxf7
{[%clk 0:51:28]} 21. Qxe3 {[%clk 0:35:38]} 21... exd4 {[%clk 0:51:33]} 22. Nxd4
{[%clk 0:35:50]} 22... Re8 {[%clk 0:44:08]} 23. Qf3 {[%clk 0:32:01]} 23... Bd5
{[%clk 0:41:29]} 24. Qg4 {[%clk 0:31:21]} 24... Kh8 {[%clk 0:33:36]} 25. Ngf5
{[%clk 0:26:11]} 25... c5 {[%clk 0:28:25]} 26. Nf3 {[%clk 0:24:32]} 26... Rad8
{[%clk 0:26:00]} 27. Rad1 {[%clk 0:23:14]} 27... Rxe1+ {[%clk 0:20:48]} 28.
Rxe1 {[%clk 0:23:33]} 28... Bxf3 {[%clk 0:19:15]} 29. Qxf3 {[%clk 0:22:46]}
29... Bb8 {[%clk 0:16:19]} 30. g3 {[%clk 0:21:52]} 30... Rf8 {[%clk 0:15:09]}
31. Qg4 {[%clk 0:21:13]} 31... Rf7 {[%clk 0:13:56]} 32. Nxh6 {[%clk 0:17:36]}
32... Rf6 {[%clk 0:12:06]} 33. Nf5 {[%clk 0:16:29]} 33... Rf7 {[%clk 0:09:26]}
34. Re8+ {[%clk 0:16:36]} 34... Kh7 {[%clk 0:09:47]} 35. Qh5# {[%clk 0:17:00]}
1-0